Berichte und Mitteilungen
Enregistré dans:
| Format: | Livre |
|---|---|
| Langue: | allemand |
| Publié: |
Berlin
Hochschule für Ökonomie "Bruno Leuschner"
1989
|
| Édition: | 1. Aufl. |
| Collection: | Zentrale Arbeitsgruppe Informationsverarbeitung
Heft 7 |
| Tags: |
Pas de tags, Soyez le premier à ajouter un tag!
|
MARC
| LEADER | 00000nam a2200000 4500 | ||
|---|---|---|---|
| 001 | c038049 | ||
| 005 | 20221215124215.4 | ||
| 041 | 0 | |a ger | |
| 044 | |a DE | ||
| 245 | 1 | 0 | |a Berichte und Mitteilungen |
| 250 | |a 1. Aufl. | ||
| 264 | 1 | |a Berlin |b Hochschule für Ökonomie "Bruno Leuschner" |c 1989 | |
| 300 | |a 225 s. | ||
| 490 | 1 | |a Zentrale Arbeitsgruppe Informationsverarbeitung |v Heft 7 | |
| 830 | 0 | |a Zentrale Arbeitsgruppe Informationsverarbeitung |v Heft 7 | |